| 000 | 00878nam a22002777a 4500 | ||
|---|---|---|---|
| 999 |
_c987 _d987 |
||
| 001 | 003728 | ||
| 003 | CoMeUDC003728 | ||
| 005 | 20190123230611.0 | ||
| 008 | 920723s1992 ck a r 00010 spa d | ||
| 015 | _ack-1992-xxxx | ||
| 020 | _a9589216072 | ||
| 035 | _aAEN4138 LA | ||
| 040 |
_ala _cCoMeUDC |
||
| 041 | 0 | _aspa | |
| 082 | 0 | 4 |
_a510.1 _bG633s _219 ed. |
| 100 |
_aGómez, Pedro. _91351 |
||
| 245 | 1 | 0 |
_aSistemas formales, informalmente : _bpor qué intentaron formalizar a la matemática si era tan buena muchacha? / _cPedro Gómez, Cristina Gómez. |
| 260 |
_aSanta Fe de Bogotá : _bUniversidad de los Andes, _c1992. |
||
| 300 |
_a130 p. : _bil. ; _c21 cm. |
||
| 504 | _aIncluye bibliografías. | ||
| 650 | 0 |
_aHistoria de las matemáticas. _91352 |
|
| 650 | _aTeorema de Godel. | ||
| 700 |
_aGómez, Cristina. _91353 |
||
| 942 |
_2ddc _cBK |
||
| 949 |
_ac _bc |
||